000 00822nam0a22002531 4500
001 v19\rc\1306504
005 20250618031755.0
035 _a(NLR Aleph) 004464087
090 _a4531785
_c4531785
100 _a20060512d1898 |||y0rusy50 ca
101 0 _arus
102 _aRU
105 _aa z |||||
200 1 _a[Отчет]
_fСъезд земск. начальников Костромск. губ. 12-14 дек. 1898 г.
210 _aКострома
_d1898
215 _a93 с., 1 л. табл.
_d22
300 _aНа обороте тит. л. дата: 1899
540 1 _aОтчет
710 1 2 _aКостромской губ. съезд земских начальников
_f1898
801 0 _aRU
_bNLR
_gpsbo
801 1 _aRU
_bProSoft-M
_2rusmarc
852 _aNLR
_j20.59.3.292
942 _cBOOK
980 _aNB